000 00244nam a2200109Ia 4500
008 220204s9999 xx 000 0 und d
082 _a82-3
_bJAS
100 _aJason, Stuart
245 0 _aBlack lust
260 _aLondon
_bNel
_c1979
942 _cBK
999 _c35819
_d35819